AIESA – budovanie spoločnosti založenej na vedomostiach zborník [abstraktov] : 17. medzinárodná vedecká konferencia : 9. november 2017, Bratislava

Salvato in:
Dettagli Bibliografici
Enti autori: AIESA - budovanie spoločnosti založenej na vedomostiach. Medzinárodná vedecká konferencia, Ekonomická univerzita v Bratislave. Fakulta hospodárskej informatiky
Altri autori: Šoltés, Erik, 1974-, Antalová, Renáta, Gežík, Pavel, 1983-, Hurbánková, Ľubica, 1980-, Jurík, Pavol, 1987-, Páleš, Michal, 1984-, Bilíková, Mária, 1951-, Bolgáč, Ján, 1959-
Natura: Libro
Lingua:slovacco
inglese
Pubblicazione: Bratislava Publisher Letra Edu 2017
Edizione:1. vyd.
Soggetti:
Tags: Aggiungi Tag
Nessun Tag, puoi essere il primo ad aggiungerne!!

MARC

LEADER 00000nam a2200000 4500
001 0237323
005 20240502073830.7
020 |a 978-80-972866-0-6 
041 0 |a slo 
041 0 |a eng 
044 |a SK 
245 1 0 |a AIESA – budovanie spoločnosti založenej na vedomostiach  |b zborník [abstraktov] : 17. medzinárodná vedecká konferencia : 9. november 2017, Bratislava  |c zostavovatelia zborníka/editors: Erik Šoltés ... [et al.] 
250 |a 1. vyd. 
264 1 |a Bratislava  |b Publisher Letra Edu  |c 2017 
300 |a 40 s. [1,2 AH] 
610 2 0 |a spoločnosť vedomostná 
610 2 0 |a informatika 
610 2 0 |a technológie informačné 
610 2 0 |a systémy informačné 
610 2 0 |a ekonometria 
610 2 0 |a výskum operačný 
610 2 0 |a modelovanie 
610 2 0 |a rozhodovanie 
610 2 0 |a štatistika 
610 2 0 |a účtovníctvo 
610 2 0 |a audítorstvo 
700 1 |a Šoltés, Erik, 1974- 
700 1 |a Antalová, Renáta 
700 1 |a Gežík, Pavel, 1983- 
700 1 |a Hurbánková, Ľubica, 1980- 
700 1 |a Jurík, Pavol, 1987- 
700 1 |a Páleš, Michal, 1984- 
700 1 |a Bilíková, Mária, 1951- 
700 1 |a Bolgáč, Ján, 1959- 
110 2 |a AIESA - budovanie spoločnosti založenej na vedomostiach. Medzinárodná vedecká konferencia 
710 2 |a Ekonomická univerzita v Bratislave. Fakulta hospodárskej informatiky